00814nam a22002417a 45000010005000000030006000050050017000110080041000280200018000690400029000870500014001160820010001301000027001402450089001672600039002563000059002955050008003545200107003625210020004695210020004896500028005097000035005373881FISKH20260119140948.0240521b cb ||||| |||| 00| 0 eng d a9780679992110 aFISKHbengcFISKHdFISKH aPZ7.H4315 a813.6 aHerman, Gail eauthor  aTime for school, little dinosaur / cby Gail Herman : illustrated by Norman Gorbaty  aNew York : bRandom House ; c1990 a20 unnubered pages : bcolor illustrations ;c18 cm .  aE  aThough his friend Spikey teases him, Little Dinosaur is eager to be ready for his first day of school.8 a220 bLexile 8 aE bRaz-Plus  aback to shool vfiction aGorbaty, Norman eillustrator